| 000 | 01095cam a2200313 a 4500 | ||
|---|---|---|---|
| 999 |
_c5661 _d5661 |
||
| 001 | 184643 | ||
| 003 | GBCCL | ||
| 005 | 20241126110547.0 | ||
| 008 | 981029s1998 mou 000 0 eng d | ||
| 010 | _a 98220283 | ||
| 020 | _a0570053269 | ||
| 035 | _a(DLC) 98220283 | ||
| 035 | _a(OCoLC)40188881 | ||
| 040 |
_aOMid _cOMid _dDLC |
||
| 042 | _alccopycat | ||
| 050 | 0 | 0 |
_aLB3609 _b.C26 1998 |
| 082 |
_a268.433 _bCAM |
||
| 245 | 0 | 4 |
_aThe campus connection : _bnewsletters for college students / _cby Mark Eiken ... [et al.] ; cartoons by Steve Edwards and Ed Koehler. |
| 260 |
_aSt. Louis, MO : _bConcordia Pub. House, _cc1998. |
||
| 300 |
_a[80] p. : _bill. ; _c28 cm. |
||
| 650 | 0 |
_aChristian college students _xReligious life. _910216 |
|
| 650 | 0 |
_aChurch work with youth. _95463 |
|
| 700 | 1 |
_aEiken, Mark. _910217 |
|
| 700 | 1 |
_aEdwards, Steve. _910218 |
|
| 700 | 1 |
_aKoehler, Ed, _d1955- _910219 |
|
| 906 |
_a7 _bcbc _ccopycat _d3 _encip _f19 _gy-gencatlg |
||
| 942 |
_2ddc _cBK |
||